Morgan Freeman's movies - Statistics

General Stats
  • This quiz has been taken 38 times
    11 since last reset
  • The average score is 6 of 17
Answer Stats
Hint Answer % Correct
Lucius Fox The Dark Knight trilogy
88%
God Bruce Almighty & Evan Almighty
75%
Nelson Mandela Invictus
75%
Ellis Boyd "Red" Redding The Shawshank Redemption
75%
Det. William Somerset Se7en
63%
Martin Trumbull Has Fallen film series (Olympus / London / Angel)
50%
Hoke Colburn Driving Miss Daisy
38%
Eddie "Scrap-Iron" Dupris Million Dollar Baby
38%
President Tom Beck Deep Impact
25%
Thaddeus Bradley Now You See Me series
25%
Azeem Edin Bashir Al Bakir Robin Hood: Prince of Thieves
25%
Sgt. Maj. John Rawlins Glory
13%
The Boss Lucky Number Slevin
13%
Ned Logan Unforgiven
13%
Sheikh Ilderim Ben-Hur
0%
Jack Doyle Gone Baby Gone
0%
Sloan Wanted
0%
No matching quizzes found
Score Distribution
Percent of People with Each Score
Percentile by Number Answered
Your Score History
You have not taken this quiz since the last reset